[Event "2. CLANSKA LIGA ZAHOD 2014"]
[Site "Ljubljana"]
[Date "2014.11.09"]
[Round "9.1"]
[White "Biti, Ozren"]
[Black "Persl, Bojan"]
[Result "1-0"]
[WhiteElo "2354"]
[BlackElo "2083"]
[PlyCount "91"]
[EventDate "2014.11.09"]
[WhiteTeam "SD POSOCJE"]
[BlackTeam "SD KC LJUBLJANA"]

1. e4 e5 2. Nf3 Nc6 3. Bc4 Be7 4. d4 d6 5. dxe5 dxe5 6. Bd5 Qd6 7. Nbd2 Nd4 8.
Nc4 Nxf3+ 9. Qxf3 Qf6 10. Nxe5 Qxe5 11. Qxf7+ Kd8 12. Bf4 Qf6 13. O-O-O Bd7 14.
Rd3 Kc8 15. Rhd1 g5 16. Bg3 Nh6 17. Bxb7+ Kxb7 18. Qb3+ Qb6 19. Rxd7 Qxb3 20.
Rxc7+ Kb6 21. axb3 Bc5 22. Rxc5 Kxc5 23. Rd5+ Kc6 24. Rd6+ Kb5 25. Rxh6 a5 26.
Bd6 Rhg8 27. c4+ Kc6 28. Ba3+ Rg6 29. Rxh7 Re8 30. Be7 Re6 31. Bxg5 Rxe4 32.
Be3 a4 33. Rh6+ Kc7 34. Kc2 Rb8 35. Kd3 Rg4 36. bxa4 Rxb2 37. Kc3 Ra2 38. Kb3
Ra1 39. g3 Rg8 40. a5 Kb7 41. a6+ Kc7 42. a7 Kb7 43. Rb6+ Kc7 44. Rb8 Rb1+ 45.
Kc2 Rbxb8 46. Bf4+ 1-0

[Event "2. CLANSKA LIGA ZAHOD 2014"]
[Site "Ljubljana"]
[Date "2014.11.09"]
[Round "9.2"]
[White "Sadikov, Aleksander"]
[Black "Vandersmissen, Mathieu"]
[Result "0-1"]
[WhiteElo "1981"]
[BlackElo "2117"]
[PlyCount "88"]
[EventDate "2014.11.09"]
[WhiteTeam "SD KC LJUBLJANA"]
[BlackTeam "SD POSOCJE"]

1. e4 e5 2. Nf3 Nc6 3. d4 exd4 4. Nxd4 Nf6 5. Nxc6 bxc6 6. e5 Nd5 7. c4 Nb6 8.
Bd3 Bb4+ 9. Nd2 a5 10. a3 Bc5 11. O-O a4 12. Qg4 Kf8 13. Qh5 d5 14. exd6 Ra5
15. Qf3 Bxd6 16. Ne4 Bxh2+ 17. Kh1 Rf5 18. Qh3 Be5 19. g4 Rf4 20. Bxf4 Bxf4 21.
Kg2 h5 22. Be2 Be5 23. Rad1 Qe7 24. Qd3 Bd7 25. g5 Bxb2 26. Bf3 Bxa3 27. Rfe1
Qb4 28. Rb1 Bb2 29. Nc5 Qxc5 30. Rxb2 Qxg5+ 31. Kh1 Be6 32. Re5 Qh4+ 33. Kg1 g6
34. Bxc6 Nxc4 35. Rb8+ Kg7 36. Reb5 Rxb8 37. Rxb8 Ne5 38. Qc3 Qf6 39. Kf1 a3
40. Qxa3 Bc4+ 41. Kg2 Qxc6+ 42. Kg1 Nf3+ 43. Kh1 Nh4+ 44. f3 Qxf3+ 0-1

[Event "2. CLANSKA LIGA ZAHOD 2014"]
[Site "Ljubljana"]
[Date "2014.11.09"]
[Round "9.3"]
[White "Raspor, Gregor"]
[Black "Kodela, Marko"]
[Result "0-1"]
[WhiteElo "2068"]
[BlackElo "1976"]
[PlyCount "84"]
[EventDate "2014.11.09"]
[WhiteTeam "SD POSOCJE"]
[BlackTeam "SD KC LJUBLJANA"]

1. d4 Nf6 2. c4 g6 3. Nf3 Bg7 4. g3 O-O 5. Bg2 d6 6. Nc3 Nc6 7. O-O a6 8. d5
Na5 9. Nd2 c5 10. Qc2 Rb8 11. b3 b5 12. Rb1 Bd7 13. Bb2 Qc7 14. Ba1 e6 15. Rbe1
bxc4 16. bxc4 e5 17. Nd1 Ne8 18. e4 Nb7 19. Bc3 Nd8 20. Nb2 f6 21. Nd3 Nf7 22.
f4 Bh6 23. h3 Qc8 24. Kh2 Qd8 25. Nf3 Bg7 26. Nh4 Qc7 27. f5 g5 28. Nf3 h6 29.
g4 Kh7 30. h4 Rh8 31. Kg3 Kg8 32. Rh1 Qc8 33. hxg5 fxg5 34. Rb1 Bf6 35. Rxb8
Qxb8 36. Rb1 Qc8 37. Qb2 Kg7 38. Nfxe5 dxe5 39. Nxe5 Qc7 40. Kf2 Bxe5 41. Bf3
Bxc3 42. Qxc3+ Qe5 0-1

[Event "2. CLANSKA LIGA ZAHOD 2014"]
[Site "Ljubljana"]
[Date "2014.11.09"]
[Round "9.5"]
[White "Ursic, Jakob"]
[Black "Sivcevic, Nusret"]
[Result "1-0"]
[WhiteElo "1952"]
[BlackElo "1843"]
[PlyCount "101"]
[EventDate "2014.11.09"]
[WhiteTeam "SD POSOCJE"]
[BlackTeam "SD KC LJUBLJANA"]

1. e4 e6 2. d4 b6 3. Nf3 Bb7 4. Bd3 c5 5. c3 Qc7 6. Nbd2 g6 7. e5 d5 8. Nf1 Nd7
9. Bg5 Be7 10. Bxe7 Nxe7 11. Ne3 h5 12. Ng5 cxd4 13. cxd4 Nxe5 14. dxe5 Qxe5
15. Qa4+ Kf8 16. Nf3 Qxb2 17. O-O Qf6 18. Rac1 e5 19. Ba6 Bxa6 20. Qxa6 e4 21.
Nd2 Kg7 22. Rfd1 h4 23. h3 d4 24. Ng4 Qe6 25. Rc7 f5 26. Qb7 Rhe8 27. Nh2 Kf6
28. Nhf1 Reb8 29. Qa6 Nd5 30. Rxa7 Qc6 31. Rxa8 Rxa8 32. Qc4 Qxc4 33. Nxc4 d3
34. Rd2 b5 35. Nce3 Nc3 36. Rb2 f4 37. Ng4+ Kf5 38. Rb3 Ra5 39. Rxc3 b4 40. Rb3
Ra4 41. Rb2 Ke6 42. Nd2 Kd5 43. Nf6+ Kd4 44. Nfxe4 g5 45. f3 Ke3 46. Nc4+ Kd4
47. Ncd6 b3 48. axb3 Ra6 49. b4 Rxd6 50. Nxd6 Kc3 51. Rb1 1-0

[Event "2. CLANSKA LIGA ZAHOD 2014"]
[Site "Ljubljana"]
[Date "2014.11.09"]
[Round "9.6"]
[White "Pecnik, Primoz"]
[Black "Hozjan, Erik"]
[Result "1/2-1/2"]
[WhiteElo "1874"]
[BlackElo "1848"]
[PlyCount "139"]
[EventDate "2014.11.09"]
[WhiteTeam "SD KC LJUBLJANA"]
[BlackTeam "SD POSOCJE"]

1. e4 c5 2. d4 cxd4 3. c3 d3 4. Bxd3 Nc6 5. Nf3 e6 6. O-O Qc7 7. Nd4 Nf6 8. Nd2
Ne5 9. N2f3 Nxd3 10. Qxd3 d5 11. exd5 Nxd5 12. Re1 Be7 13. Bg5 O-O 14. Bxe7
Nxe7 15. Qe4 Ng6 16. Rad1 Bd7 17. Rd2 Rfd8 18. Red1 Be8 19. h4 h6 20. g3 e5 21.
Nf5 Bc6 22. Qe2 Rxd2 23. Rxd2 Qc8 24. g4 Qe6 25. Rd6 Qxa2 26. h5 Bxf3 27. Qxf3
Nf4 28. Qd1 Ne6 29. Ne7+ Kf8 30. Rd7 Qa6 31. Qf3 Ng5 32. Qxb7 Qxb7 33. Rxb7 a5
34. Nc6 e4 35. Ra7 Rxa7 36. Nxa7 Nf3+ 37. Kg2 Ne1+ 38. Kg3 Nd3 39. b4 axb4 40.
cxb4 Nxb4 41. Nc8 Nd5 42. Nd6 e3 43. fxe3 Nxe3 44. Kf4 Nc2 45. Nf5 Nb4 46. Ke5
Nd3+ 47. Ke4 Nc5+ 48. Kd5 Ne6 49. Ke5 Ng5 50. Kf4 Kg8 51. Ne7+ Kh7 52. Nf5 Ne6+
53. Ke5 g6 54. hxg6+ Kxg6 55. Ke4 Kg5 56. Ne3 Nf4 57. Kf3 Nd3 58. Kg3 Ne5 59.
Kh3 Kf4 60. Nd5+ Kf3 61. Nf6 Ng6 62. Ng8 h5 63. gxh5 Nf4+ 64. Kh4 Nxh5 65. Kxh5
f5 66. Kh4 f4 67. Nf6 Kg2 68. Kg4 f3 69. Ne4 f2 70. Nxf2 1/2-1/2

[Event "2. CLANSKA LIGA ZAHOD 2014"]
[Site "Ljubljana"]
[Date "2014.11.09"]
[Round "9.1"]
[White "Jukan, Nesib"]
[Black "Brezovar, Matjaz"]
[Result "1/2-1/2"]
[WhiteElo "2015"]
[BlackElo "2250"]
[PlyCount "144"]
[EventDate "2014.11.09"]
[WhiteTeam "SK TRZIN"]
[BlackTeam "SK DOLENJSKE TOPLICE"]

1. d4 e6 2. e4 d5 3. exd5 exd5 4. Nf3 Nc6 5. c3 Bd6 6. Bg5 Nge7 7. Bd3 Bg4 8.
Nbd2 Qd7 9. O-O f6 10. Be3 Ng6 11. Qc2 Nce7 12. Rfe1 O-O 13. c4 c6 14. Be2 Rae8
15. Nf1 Bb8 16. N3d2 Bxe2 17. Rxe2 dxc4 18. Qxc4+ Nd5 19. Nf3 Kh8 20. Rae1 Re6
21. Bd2 Rfe8 22. Ng3 Bxg3 23. hxg3 R8e7 24. Kf1 Qe8 25. Rxe6 Rxe6 26. Rxe6 Qxe6
27. Qe2 Qd7 28. Qe4 Kg8 29. Nh4 Nxh4 30. gxh4 g6 31. g4 Kf7 32. h5 Qd6 33. f4
Qe6 34. hxg6+ hxg6 35. Qe2 Ne7 36. b3 Qd5 37. Qc4 Ke6 38. Bb4 Ng8 39. Kf2 b5
40. Qe2+ Kf7 41. Bc5 a6 42. Qe1 Qe6 43. Qh1 Kg7 44. Qf3 Nh6 45. Kg3 Qe1+ 46.
Kh3 f5 47. gxf5 Nxf5 48. a4 bxa4 49. bxa4 Qe3 50. Qxe3 Nxe3 51. Kg3 Kf6 52. Kf3
Nd5 53. Kg4 Nc3 54. a5 Ne2 55. Bb6 Nc1 56. Bd8+ Ke6 57. Kg5 Ne2 58. Bb6 Kd5 59.
Ba7 Ke4 60. Bb8 Ke3 61. Ba7 Ke4 62. Bb8 Nxd4 63. Kxg6 c5 64. Ba7 c4 65. Bxd4
Kxd4 66. f5 c3 67. f6 c2 68. f7 c1=Q 69. f8=Q Qc7 70. Qf6+ Kc5 71. Qxa6 Qc6+
72. Qxc6+ Kxc6 1/2-1/2

[Event "2. CLANSKA LIGA ZAHOD 2014"]
[Site "Ljubljana"]
[Date "2014.11.09"]
[Round "9.2"]
[White "Luzar, Emil"]
[Black "Rojs, Igor"]
[Result "1-0"]
[WhiteElo "2169"]
[BlackElo "1972"]
[PlyCount "89"]
[EventDate "2014.11.09"]
[WhiteTeam "SK DOLENJSKE TOPLICE"]
[BlackTeam "SK TRZIN"]

1. Nf3 Nf6 2. g3 g6 3. Bg2 Bg7 4. O-O O-O 5. d3 d6 6. c3 c6 7. Nbd2 e5 8. a4 a5
9. Rb1 Nbd7 10. b4 d5 11. e4 dxe4 12. dxe4 b5 13. axb5 cxb5 14. Nb3 a4 15. Na5
Qc7 16. Qc2 Nb6 17. Re1 Ne8 18. Be3 Nd6 19. Bc5 Rd8 20. Bf1 Nbc4 21. Bxd6 Nxd6
22. c4 Nb7 23. Rec1 Nxa5 24. bxa5 bxc4 25. Bxc4 Qxa5 26. Ng5 Rf8 27. Bd5 Ra7
28. Rb8 Be6 29. Nxe6 fxe6 30. Bxe6+ Kh8 31. Rxf8+ Bxf8 32. Qc8 Kg7 33. Bd5 Qb4
34. Qe6 Qe7 35. Qg8+ Kh6 36. Rc8 Bg7 37. h4 a3 38. Kg2 Rc7 39. Rxc7 Qxc7 40. g4
Bf6 41. Qf8+ Bg7 42. g5+ Kh5 43. Qf3+ Kxh4 44. Qg3+ Kh5 45. Be6 1-0

[Event "2. CLANSKA LIGA ZAHOD 2014"]
[Site "Ljubljana"]
[Date "2014.11.09"]
[Round "9.3"]
[White "Bajec, Borut"]
[Black "Pucelj, Joze"]
[Result "0-1"]
[WhiteElo "1804"]
[BlackElo "2099"]
[PlyCount "94"]
[EventDate "2014.11.09"]
[WhiteTeam "SK TRZIN"]
[BlackTeam "SK DOLENJSKE TOPLICE"]

1. d4 g6 2. c4 Bg7 3. e4 c5 4. d5 d6 5. Nf3 Nf6 6. Nc3 O-O 7. Bd3 e6 8. O-O
exd5 9. exd5 Nh5 10. Bg5 f6 11. Be3 f5 12. Qc2 Na6 13. a3 Nc7 14. Rae1 Bd7 15.
Re2 a6 16. Bc1 h6 17. Rfe1 Re8 18. g3 Qf6 19. Nh4 b5 20. Ng2 Kf7 21. g4 bxc4
22. Bxc4 Qd4 23. gxh5 Qxc4 24. hxg6+ Kxg6 25. Nf4+ Kf7 26. Qd1 Be5 27. Rxe5
Rg8+ 28. Kh1 dxe5 29. Qh5+ Ke7 30. Qh4+ Kf7 31. Qh5+ Ke7 32. d6+ Kxd6 33. Qxh6+
Ne6 34. Rd1+ Kc7 35. Nfd5+ Kb7 36. Qh7 Rg7 37. Qxf5 Rf8 38. Qxe5 Rxf2 39. Ne3
Bc6+ 40. Ncd5 Bxd5+ 41. Qxd5+ Qxd5+ 42. Nxd5 Rh7 43. Ne3 Rfxh2+ 44. Kg1 Rh1+
45. Kf2 R7h2+ 46. Kg3 Rxd1 47. Nxd1 Rh1 0-1

[Event "2. CLANSKA LIGA ZAHOD 2014"]
[Site "Ljubljana"]
[Date "2014.11.09"]
[Round "9.4"]
[White "Muhic, Jure"]
[Black "Mihelic, Bojan"]
[Result "1-0"]
[WhiteElo "1779"]
[BlackElo "1794"]
[PlyCount "47"]
[EventDate "2014.11.09"]
[WhiteTeam "SK DOLENJSKE TOPLICE"]
[BlackTeam "SK TRZIN"]

1. c4 e6 2. Nc3 d5 3. d4 Nf6 4. Nf3 dxc4 5. e4 Bb4 6. Qc2 h6 7. Bxc4 Nc6 8. Be3
Bxc3+ 9. bxc3 O-O 10. O-O Re8 11. Rad1 Na5 12. Bd3 c6 13. Ne5 Qe7 14. f4 Nd7
15. Rf3 Nxe5 16. fxe5 b6 17. Rdf1 Rf8 18. Bxh6 gxh6 19. Rf6 Kg7 20. Qd2 Rh8 21.
Qf4 Kg8 22. Rxf7 Qg5 23. Rf8+ Kg7 24. Qf7# 1-0

[Event "2. CLANSKA LIGA ZAHOD 2014"]
[Site "Ljubljana"]
[Date "2014.11.09"]
[Round "9.5"]
[White "Grum, Andrej"]
[Black "Janko, Roman"]
[Result "1/2-1/2"]
[WhiteElo "1711"]
[BlackElo "1835"]
[PlyCount "120"]
[EventDate "2014.11.09"]
[WhiteTeam "SK TRZIN"]
[BlackTeam "SK DOLENJSKE TOPLICE"]

1. e4 e6 2. d4 d5 3. Nd2 Nf6 4. e5 Nfd7 5. Bd3 c5 6. c3 Nc6 7. Ne2 Qb6 8. Nf3
cxd4 9. cxd4 Be7 10. O-O O-O 11. Qc2 f5 12. a3 Rf7 13. b4 Nf8 14. h4 Bd7 15.
Be3 Rc8 16. Qb1 Qd8 17. g3 Be8 18. Kg2 Nd7 19. Nf4 Nf8 20. Ne2 Ng6 21. Rh1 h6
22. Qb2 Bf8 23. Rac1 Rfc7 24. Rc3 Be7 25. Qd2 Nb8 26. Rxc7 Rxc7 27. h5 Nh8 28.
Nf4 Qd7 29. Nh4 Bg5 30. Nf3 Nf7 31. Nh4 a6 32. Nhg6 Nc6 33. Bb1 Na7 34. Rc1 Nb5
35. Rxc7 Nxc7 36. Bd3 Nd8 37. Qc1 Nc6 38. Qc5 Ne7 39. Qb6 Nxg6 40. hxg6 Bxf4
41. Bxf4 Na8 42. Qa7 Qc8 43. g4 Bxg6 44. gxf5 exf5 45. e6 Be8 46. Bxf5 Bc6 47.
Be5 Nc7 48. Bxc7 g6 49. Qb8 Qxb8 50. Bxb8 gxf5 51. Kg3 Kg7 52. Be5+ Kg6 53. Kf4
Be8 54. Bh8 h5 55. Kg3 Kg5 56. f4+ Kg6 57. Be5 Bc6 58. Kh4 b5 59. Bd6 Be8 60.
Be7 Bc6 1/2-1/2

[Event "2. CLANSKA LIGA ZAHOD 2014"]
[Site "Ljubljana"]
[Date "2014.11.09"]
[Round "9.6"]
[White "Gorse, Damjan"]
[Black "Konvalinka, Kostja"]
[Result "1-0"]
[WhiteElo "1777"]
[BlackElo "1690"]
[PlyCount "121"]
[EventDate "2014.11.09"]
[WhiteTeam "SK DOLENJSKE TOPLICE"]
[BlackTeam "SK TRZIN"]

1. Nf3 d5 2. g3 Nf6 3. Bg2 c6 4. O-O Bf5 5. d3 Qc7 6. Bf4 Qd8 7. b3 g6 8. Nd4
Bc8 9. Nf3 Bg7 10. Nbd2 O-O 11. Rb1 Re8 12. d4 Nh5 13. Be3 Qd6 14. c4 Bf5 15.
c5 Qc7 16. Rb2 Nd7 17. b4 e5 18. dxe5 Nxe5 19. Bd4 Be4 20. Nxe4 dxe4 21. Ng5 f5
22. Qb3+ Nf7 23. Rd2 Qe7 24. Qxf7+ Qxf7 25. Nxf7 Kxf7 26. Bxg7 Nxg7 27. Rfd1
Nh5 28. e3 Nf6 29. Bf1 Ke7 30. Bc4 Rad8 31. Rd6 Rxd6 32. Rxd6 Nd7 33. Kg2 Rf8
34. Re6+ Kd8 35. Rd6 Ke7 36. Re6+ Kd8 37. f3 exf3+ 38. Kxf3 Rf6 39. Kf4 h6 40.
h4 b6 41. Rxf6 Nxf6 42. Bf7 bxc5 43. bxc5 Nd7 44. Bxg6 Nxc5 45. Bxf5 Ke7 46. g4
Nb7 47. Ke5 Nd8 48. Bd3 Ne6 49. Kf5 Nc5 50. Bc4 Nd7 51. e4 c5 52. g5 hxg5 53.
hxg5 Nb6 54. Bb3 c4 55. Bc2 c3 56. Kg6 Nd7 57. Kg7 Nf8 58. g6 Ke8 59. Kf6 Nd7+
60. Ke6 Nc5+ 61. Kd5 1-0